[Event "AUTO-OPEN-322"]
[Site "http://www.queenalice.com/game.php?id=85275"]
[Date "2006.7.12"]
[Round "1"]
[White "fsmotta"]
[Black "joey30"]
[Result "0-1"]
[WhiteElo "1477"]
[BlackElo "1922"]

1. e4 c5 2. Nf3 Nc6 3. d4 cxd4 4. Nxd4 Nxd4 5. Qxd4 d6 6. Nc3 Nf6 7. Bg5 Bd7 8.
Bxf6 gxf6 9. O-O-O Bg7 10. Qb4 b6 11. Nb5 O-O 12. Bc4 a6 13. Nc3 b5 14. Bd5 a5
15. Qd4 Rc8 0-1

[Event "AUTO-OPEN-322"]
[Site "http://www.queenalice.com/game.php?id=85276"]
[Date "2006.7.12"]
[Round "1"]
[White "joey30"]
[Black "fsmotta"]
[Result "1-0"]
[WhiteElo "1920"]
[BlackElo "1477"]

1. e4 c5 2. Nf3 Nc6 3. c3 Nf6 4. e5 Ng4 5. d4 d6 6. h3 Nh6 7. Bc4 dxe5 8. O-O
Nf5 9. d5 Nb8 10. Re1 Qc7 11. Nxe5 Nd6 12. Bd3 Nd7 13. Bf4 Qb6 14. b3 g6 15. Qf3
1-0

[Event "AUTO-OPEN-322"]
[Site "http://www.queenalice.com/game.php?id=85279"]
[Date "2006.7.12"]
[Round "1"]
[White "fsmotta"]
[Black "Morbid"]
[Result "0-1"]
[WhiteElo "1523"]
[BlackElo "1576"]

1. e4 b6 2. c4 e6 3. d4 Qh4 4. Nc3 Bb7 5. Nf3 Qe7 6. Bd3 h6 7. O-O g5 8. Nb5 Qd8
9. Ne5 d6 10. Nf3 a6 11. Nc3 g4 12. Nd2 h5 13. Re1 Nd7 14. Nf1 Bg7 15. Be3 a5
16. Qc2 Qe7 17. Nb5 Ndf6 18. Bg5 c6 19. e5 cxb5 20. exf6 Bxf6 0-1

[Event "AUTO-OPEN-322"]
[Site "http://www.queenalice.com/game.php?id=85280"]
[Date "2006.7.12"]
[Round "1"]
[White "Morbid"]
[Black "fsmotta"]
[Result "1-0"]
[WhiteElo "1561"]
[BlackElo "1544"]

1. Nf3 d5 2. c3 c5 3. Qa4+ Bd7 4. Qb3 Bc6 5. Ne5 Nf6 6. Nxc6 Nxc6 7. Qxb7 Qc8 8.
Qb3 e5 9. e3 Rb8 10. Qc2 e4 11. h3 c4 12. a3 Qd7 13. b4 Ne5 14. Be2 Nd3+ 15.
Bxd3 exd3 16. Qd1 Bd6 17. f4 O-O 18. g4 Ne4 19. Qf3 Qa4 20. O-O 1-0

[Event "AUTO-OPEN-326"]
[Site "http://www.queenalice.com/game.php?id=86337"]
[Date "2006.7.15"]
[Round "1"]
[White "diegmr"]
[Black "fsmotta"]
[Result "1-0"]
[WhiteElo "1750"]
[BlackElo "1567"]

1. d4 Nf6 2. c4 g6 3. Bg5 Bg7 4. e3 Ne4 5. Nf3 c5 6. Bd3 Nxg5 7. Nxg5 cxd4 8.
exd4 Bxd4 9. Qf3 O-O 10. Qh3 h5 11. O-O d6 12. Qh4 Bf6 13. Nd2 Qa5 14. Nde4 Bxg5
15. Qxg5 Qxg5 16. b3 Qe5 17. Rfe1 Qa5 18. Ng5 Qxg5 19. Re3 Nc6 20. Rae1 Ne5 21.
g3 h4 22. f4 Qg4 23. Be2 Qf5 24. fxe5 hxg3 25. Rxg3 dxe5 26. Bg4 Qc2 27. Rg2 Qd3
28. Be2 Qd4+ 29. Kh1 b5 30. cxb5 1-0

[Event "AUTO-OPEN-326"]
[Site "http://www.queenalice.com/game.php?id=86338"]
[Date "2006.7.15"]
[Round "1"]
[White "fsmotta"]
[Black "diegmr"]
[Result "0-1"]
[WhiteElo "1554"]
[BlackElo "1759"]

1. e4 e5 2. Nf3 Nc6 3. Bb5 a6 4. Ba4 Nf6 5. O-O d6 6. h3 Bd7 7. d4 Nxd4 8. Bxd7+
Qxd7 9. Nxd4 exd4 10. Qxd4 O-O-O 11. Bg5 Be7 12. Nc3 h6 13. Be3 d5 14. Rad1 c6
15. Qa7 Qc7 16. Bb6 Qb8 17. Qxb8+ Kxb8 18. Bxd8 Rxd8 19. e5 Nd7 20. Rfe1 Bb4 21.
Rd3 Re8 22. f4 f6 23. e6 Nc5 24. Rg3 g5 25. a3 Bxc3 26. Rxc3 Nxe6 27. f5 Kc7 0-1

[Event "AUTO-OPEN-326"]
[Site "http://www.queenalice.com/game.php?id=86363"]
[Date "2006.7.15"]
[Round "1"]
[White "fsmotta"]
[Black "diego2907"]
[Result "0-1"]
[WhiteElo "1634"]
[BlackElo "1831"]

1. e4 e5 2. Nf3 d6 3. Nc3 Bg4 4. Be2 h6 5. O-O a6 6. d4 Bxf3 7. Bxf3 Nc6 8. d5
Nd4 9. Be3 Nxf3+ 10. Qxf3 Nf6 11. Ne2 Qd7 12. Ng3 Ng4 13. Rfe1 Nxe3 14. Rxe3 Be7
15. Nf5 O-O 16. Qg4 Bg5 17. Nxh6+ Bxh6 18. Qxd7 Bxe3 19. fxe3 Rac8 20. Rf1 b5
21. Qc6 b4 22. Qxa6 Ra8 23. Qb7 Rxa2 24. Qxb4 Rfa8 25. Qb7 g5 26. Qxc7 Rf8 27.
Qxd6 Rxb2 28. Qxe5 Rxc2 0-1

[Event "AUTO-OPEN-326"]
[Site "http://www.queenalice.com/game.php?id=86364"]
[Date "2006.7.15"]
[Round "1"]
[White "diego2907"]
[Black "fsmotta"]
[Result "1-0"]
[WhiteElo "1839"]
[BlackElo "1614"]

1. e4 c5 2. Bc4 Nc6 3. Nf3 e6 4. a3 Nf6 5. d3 d5 6. exd5 exd5 7. Ba2 Be7 8. O-O
O-O 9. h3 Qc7 10. Bg5 Be6 11. Bxf6 Bxf6 12. Nc3 Bxc3 13. bxc3 Rfe8 14. Qd2 Rad8
15. Ng5 h6 16. Nf3 c4 17. Rae1 b5 18. Nd4 Nxd4 19. cxd4 c3 20. Qd1 Qa5 21. Qc1
Qa4 22. Qb1 Qxa3 23. Re3 b4 24. Rfe1 Rf8 25. Bb3 a5 26. Rg3 a4 27. Ba2 Rb8 28.
Qa1 b3 29. cxb3 1-0

[Event "AUTO-OPEN-326"]
[Site "http://www.queenalice.com/game.php?id=86365"]
[Date "2006.7.15"]
[Round "1"]
[White "fsmotta"]
[Black "GenaroDiPaula"]
[Result "1-0"]
[WhiteElo "1570"]
[BlackElo "1381"]

1. e4 Nf6 2. e5 Nd5 3. c4 Nb6 4. d4 d6 5. exd6 cxd6 6. Nc3 g6 7. h3 Bg7 8. Nf3
O-O 9. Bd3 Nc6 10. Be3 Nb4 11. Bb1 Nxc4 12. Bc1 e5 13. Qb3 a5 14. a3 exd4 15.
Nb5 Qe8+ 16. Kd1 Qxb5 17. axb4 Be6 18. Qd3 Bf5 19. Qb3 Be6 20. Qa4 1-0

[Event "AUTO-OPEN-326"]
[Site "http://www.queenalice.com/game.php?id=86366"]
[Date "2006.7.15"]
[Round "1"]
[White "GenaroDiPaula"]
[Black "fsmotta"]
[Result "0-1"]
[WhiteElo "1381"]
[BlackElo "1500"]

1. e4 c5 2. Nf3 Nc6 3. d4 cxd4 4. Nxd4 Nf6 5. Nc3 a6 6. Bc4 e6 7. Bb3 Qc7 8. O-O
Qe5 9. Be3 Nxe4 10. Nxc6 bxc6 11. Bd4 Nxc3 12. Bxc3 Qc7 13. f4 Bc5+ 14. Kh1 O-O
15. f5 Bd6 16. Qg4 f6 17. fxe6 dxe6 18. Bxe6+ Bxe6 19. Qxe6+ Kh8 20. h4 Rae8 0-1

[Event "AUTO-OPEN-327"]
[Site "http://www.queenalice.com/game.php?id=86524"]
[Date "2006.7.16"]
[Round "1"]
[White "joffly"]
[Black "fsmotta"]
[Result "1-0"]
[WhiteElo "1553"]
[BlackElo "1477"]

1. e4 c5 2. Nf3 Nc6 3. Bb5 a6 4. Bxc6 bxc6 5. Nc3 d5 6. O-O Bg4 7. h3 Bh5 8. d3
Nf6 9. Bg5 e6 10. e5 h6 11. Bh4 g5 12. Bg3 Nd7 13. Re1 Bg7 14. Na4 Qc7 15. b3
Bxf3 16. Qxf3 O-O 17. c4 Qb8 18. Nb2 1-0

[Event "AUTO-OPEN-327"]
[Site "http://www.queenalice.com/game.php?id=86525"]
[Date "2006.7.16"]
[Round "1"]
[White "fsmotta"]
[Black "joffly"]
[Result "0-1"]
[WhiteElo "1464"]
[BlackElo "1566"]

1. e4 e5 2. Nf3 Nc6 3. d4 exd4 4. Nxd4 Be7 5. Nc3 Nf6 6. Be3 O-O 7. Bd3 Bb4 8.
Qd2 d5 9. Nxc6 bxc6 10. Bd4 Nxe4 11. Bxe4 dxe4 12. O-O-O Bg4 13. Rde1 c5 14. Be3
Rb8 15. Qxd8 Rfxd8 16. Bd2 f5 17. Re3 Rd7 18. f3 exf3 0-1

[Event "AUTO-OPEN-327"]
[Site "http://www.queenalice.com/game.php?id=86554"]
[Date "2006.7.16"]
[Round "1"]
[White "fsmotta"]
[Black "Fodasevic"]
[Result "0-1"]
[WhiteElo "1583"]
[BlackElo "1868"]

1. e4 c5 2. Nf3 d6 3. d4 cxd4 4. Nxd4 Nf6 5. Nc3 g6 6. Bb5+ Bd7 7. Qd3 Bg7 8. f3
a6 9. Bc4 Nc6 10. Nxc6 bxc6 11. Bxa6 d5 12. exd5 Bf5 13. Qe2 Nxd5 14. Nxd5 Qa5+
15. Bd2 Qxd5 16. Bc4 Qc5 17. a3 Bxb2 0-1

[Event "AUTO-OPEN-327"]
[Site "http://www.queenalice.com/game.php?id=86555"]
[Date "2006.7.16"]
[Round "1"]
[White "Fodasevic"]
[Black "fsmotta"]
[Result "1-0"]
[WhiteElo "1877"]
[BlackElo "1574"]

1. Nf3 d5 2. c4 c6 3. d4 g6 4. cxd5 cxd5 5. Nc3 Nf6 6. Bf4 a6 7. e3 Nc6 8. Ne5
Bg7 9. Be2 O-O 10. O-O Nd7 11. Nxd7 Qxd7 12. Na4 Qd8 13. Rc1 Bf5 14. Nc5 e5 15.
dxe5 Bxe5 16. Nxb7 Qb8 17. Bxe5 Nxe5 18. Qxd5 Ra7 19. Nd6 1-0

[Event "AUTO-OPEN-328"]
[Site "http://www.queenalice.com/game.php?id=86829"]
[Date "2006.7.17"]
[Round "1"]
[White "fsmotta"]
[Black "diego2907"]
[Result "0-1"]
[WhiteElo "1598"]
[BlackElo "1819"]

1. e4 e5 2. Nf3 d6 3. d4 Nc6 4. dxe5 dxe5 5. Qxd8+ Kxd8 6. Bb5 Bd7 7. O-O a6 8.
Ba4 f6 9. Rd1 Bc5 10. Bxc6 bxc6 11. Nbd2 Ne7 12. Nb3 Bb6 13. Bg5 fxg5 14. Nxe5
Bc5 15. Nxc5 Rb8 16. Rxd7+ Ke8 17. Rad1 Ng6 18. Nxg6 hxg6 19. Nb7 Rh4 20. Rd8+
Rxd8 0-1

[Event "AUTO-OPEN-328"]
[Site "http://www.queenalice.com/game.php?id=86830"]
[Date "2006.7.17"]
[Round "1"]
[White "diego2907"]
[Black "fsmotta"]
[Result "1-0"]
[WhiteElo "1821"]
[BlackElo "1661"]

1. e4 e6 2. Bc4 d5 3. exd5 exd5 4. Bb3 Nf6 5. d4 Nc6 6. h3 Be7 7. c3 O-O 8. Nf3
Re8 9. Bc2 Bd6+ 10. Be3 Bf4 11. O-O Bxe3 12. fxe3 Rxe3 13. Nbd2 Qe7 14. Rf2 Bd7
15. Nf1 Ne4 16. Nxe3 Nxf2 17. Kxf2 Qd6 18. Qd3 g6 19. Rh1 Re8 20. Rf1 Ne7 21.
Kg1 Nf5 22. Nxf5 Bxf5 23. Qd2 Bd7 24. Qh6 f5 25. Ne5 1-0

[Event "AUTO-OPEN-328"]
[Site "http://www.queenalice.com/game.php?id=86831"]
[Date "2006.7.17"]
[Round "1"]
[White "fsmotta"]
[Black "Fernando_Filho"]
[Result "1-0"]
[WhiteElo "1452"]
[BlackElo "1219"]

1. e4 c5 2. Nf3 Nc6 3. d4 cxd4 4. Nxd4 g6 5. Be2 Bg7 6. c3 Nf6 7. f3 O-O 8. Be3
d5 9. e5 Nxe5 10. Nd2 Nc6 11. O-O Re8 12. f4 1-0

[Event "AUTO-OPEN-328"]
[Site "http://www.queenalice.com/game.php?id=86832"]
[Date "2006.7.17"]
[Round "1"]
[White "Fernando_Filho"]
[Black "fsmotta"]
[Result "0-1"]
[WhiteElo "1212"]
[BlackElo "1459"]

1. d4 Nf6 2. c4 g6 3. Bg5 Bg7 4. Nc3 O-O 5. Nf3 d6 6. e4 Nbd7 7. Bd3 c5 8. d5
Ne8 9. O-O Bxc3 10. bxc3 Ng7 11. Rb1 Re8 12. Rb2 Ne5 0-1